000
00298nam a22001337a 4500
082
_a
894.812
_b
SUR/M
100
_a
SURESH, K
245
_a
MALAYALA SAHITHYAM
260
_a
TRIVANDRUM
_b
SURESH.K
_c
2002
300
_a
80
520
_a
MALAYALAM SAHITHYAM
650
_a
MALAYALAM SAHITHYAM
942
_c
BK
999
_c
5565
_d
5565